[Event "Open d'Aubagne 2017-2018"]
[Site "Aubagne"]
[Date "2017.09.30"]
[Round "1.1"]
[White "Turpin, Isabelle"]
[Black "Daumas, Alain"]
[Result "0-1"]
[WhiteElo "1225"]
[BlackElo "1690"]
[PlyCount "76"]
[EventDate "2017.??.??"]
[WhiteTeam "Cercle d'Echecs Aubagnais"]
[BlackTeam "Club d'Echecs Pennois (CEP)"]

1. d4 Nf6 2. c4 e6 3. a3 b6 4. Nf3 Bb7 5. Nc3 Be7 6. g3 d6 7. Bg2 Nbd7 8. O-O
O-O 9. Re1 Re8 10. Bf4 Nf8 11. Qd3 Rc8 12. Ng5 Bxg2 13. Kxg2 Ng6 14. e4 Nh5 15.
h4 Nxh4+ 16. gxh4 Nxf4+ 17. Kf3 Nxd3 18. Rg1 h6 19. Nh3 Bf6 20. Ke3 Nxb2 21.
Ke2 Bxd4 22. Nb5 Qxh4 23. Rg3 Qxe4+ 24. Kf1 Nxc4 25. Rd1 Be5 26. Rb3 c6 27. Nc3
Qg4 28. Ne2 d5 29. Rbd3 Nb2 30. Ke1 Nxd1 31. Kxd1 c5 32. Nhg1 c4 33. Re3 Bf4
34. Rf3 Bh2 35. Rc3 d4 36. f3 Qg2 37. Nxd4 Qxg1+ 38. Ke2 Qxd4 0-1

[Event "Open d'Aubagne 2017-2018"]
[Site "Aubagne"]
[Date "2017.09.30"]
[Round "1.2"]
[White "Blanc, Michel"]
[Black "Fortoul, Alain"]
[Result "1-0"]
[WhiteElo "1639"]
[BlackElo "1214"]
[PlyCount "107"]
[EventDate "2017.??.??"]
[WhiteTeam "Cercle d'Echecs Aubagnais"]
[BlackTeam "Cercle d'Echecs Aubagnais"]

1. d4 d5 2. Bf4 g6 3. e3 Bg7 4. Nf3 Nf6 5. c4 c6 6. Nc3 O-O 7. Bd3 Re8 8. O-O
a6 9. h3 Be6 10. Qb3 Bc8 11. Rac1 Nbd7 12. cxd5 Qb6 13. dxc6 bxc6 14. Ne5 Qxb3
15. axb3 Nxe5 16. Bxe5 Be6 17. Bc4 Nd5 18. Bxd5 cxd5 19. Bxg7 Kxg7 20. Na4 a5
21. Rc3 Rec8 22. Rfc1 Rab8 23. Nc5 Bf5 24. f3 Re8 25. g4 Bc8 26. Kf2 e6 27. Ra1
Rb5 28. Ra4 h6 29. Rc1 e5 30. Rca1 exd4 31. exd4 Rb6 32. Re1 Rxe1 33. Kxe1 Rb5
34. Kf2 Kf6 35. f4 g5 36. f5 Kg7 37. Ke3 Kf6 38. Ra1 Ke7 39. Kd3 Kd6 40. Kc3 f6
41. Rh1 h5 42. Re1 Rb8 43. Re8 Kc7 44. Rf8 Rb6 45. Rf7+ Kb8 46. Rf8 Kc7 47.
Rf7+ Kb8 48. Re7 h4 49. Re8 Kc7 50. Rf8 Rc6 51. b4 axb4+ 52. Kxb4 Kb6 53. Rf7
Ba6 54. Na4# 1-0

[Event "Open d'Aubagne 2017-2018"]
[Site "Aubagne"]
[Date "2017.09.30"]
[Round "1.3"]
[White "Rieu, Jean"]
[Black "Konate, Salma"]
[Result "0-1"]
[WhiteElo "1212"]
[BlackElo "1612"]
[PlyCount "45"]
[EventDate "2017.??.??"]
[WhiteTeam "U.S.C.M."]
[BlackTeam "Marseille Passion Echecs"]

1. Nf3 d5 2. d4 Nf6 3. Bf4 Bf5 4. e3 e6 5. a3 Bd6 6. Bxd6 Qxd6 7. Nc3 a6 8. Bd3
Bg6 9. h4 Nc6 10. O-O O-O 11. Bxg6 fxg6 12. Re1 Rad8 13. Ng5 e5 14. Qd2 e4 15.
f3 Rde8 16. fxe4 dxe4 17. d5 Re5 18. Rad1 Nd8 19. Ne6 Nxe6 20. dxe6 Qxe6 21.
Ne2 Nh5 22. Nd4 Qc8 23. Qb4 0-1

[Event "Open d'Aubagne 2017-2018"]
[Site "Aubagne"]
[Date "2017.09.30"]
[Round "1.4"]
[White "Ghazarian, David"]
[Black "Marchis Mouren, Emma"]
[Result "1-0"]
[WhiteElo "1593"]
[BlackElo "1200"]
[PlyCount "83"]
[EventDate "2017.??.??"]
[WhiteTeam "Cercle d'Echecs Aubagnais"]
[BlackTeam "Cassis Echecs"]

1. e4 b6 2. d4 Bb7 3. Nc3 e6 4. Bf4 Nf6 5. e5 Ne4 6. Nxe4 Bxe4 7. Nf3 Bb7 8.
Be2 d5 9. O-O g6 10. Bg5 Qd7 11. Bf6 Rg8 12. Ng5 Be7 13. Nxh7 g5 14. Bxe7 Qxe7
15. Nf6+ Kf8 16. Nxg8 Kxg8 17. f4 Kf8 18. fxg5 Qxg5 19. Bh5 Qe3+ 20. Kh1 f5 21.
g4 Qe4+ 22. Qf3 Qxf3+ 23. Rxf3 Bc8 24. gxf5 exf5 25. Bg6 Nc6 26. Bxf5 Bxf5 27.
Rxf5+ Ke8 28. Raf1 Ke7 29. Rf7+ Ke8 30. Rf8+ Ke7 31. Rxa8 a5 32. c3 b5 33. h4
b4 34. h5 Nd8 35. Rxd8 Kxd8 36. h6 bxc3 37. bxc3 a4 38. h7 Kd7 39. h8=Q a3 40.
Rf6 c6 41. Qg7+ Ke8 42. Rf8# 1-0

[Event "Open d'Aubagne 2017-2018"]
[Site "Aubagne"]
[Date "2017.09.30"]
[Round "1.5"]
[White "Boukhenifra, Younes"]
[Black "Ganier, Philippe"]
[Result "0-1"]
[WhiteElo "1199"]
[BlackElo "1583"]
[PlyCount "104"]
[EventDate "2017.??.??"]
[WhiteTeam "Cassis Echecs"]
[BlackTeam "La Ciotat Echecs (LCE)"]

1. d4 d5 2. Bd2 g6 3. e3 Bg7 4. Be2 Nf6 5. Nc3 Bf5 6. Bf3 c6 7. Qe2 Bxc2 8. e4
dxe4 9. Nxe4 Nxe4 10. Bxe4 Bxe4 11. Qxe4 Qxd4 12. Qxd4 Bxd4 13. Bc3 Bxc3+ 14.
bxc3 O-O 15. Nf3 Nd7 16. O-O Nf6 17. Ne5 Rfd8 18. Rad1 Kg7 19. g3 e6 20. Rxd8
Rxd8 21. Rb1 Rd5 22. Re1 Ra5 23. Re2 Nd5 24. Rc2 Rc5 25. c4 Nb4 26. Nd7 Nxc2
27. Nxc5 b6 28. Nd7 Na3 29. Ne5 c5 30. Kg2 f6 31. Ng4 Nxc4 32. h4 h5 33. Ne3
Ne5 34. f4 Nc6 35. g4 hxg4 36. Nxg4 a5 37. h5 gxh5 38. Ne3 f5 39. Nc4 b5 40.
Nd6 b4 41. Nb7 c4 42. Nc5 Kf6 43. Kf3 c3 44. Nd3 a4 45. Kg3 b3 46. axb3 axb3
47. Nc5 b2 48. Nb3 b1=Q 49. Nd4 Nxd4 50. Kh4 Qg1 51. Kh3 h4 52. Kxh4 Qg4# 0-1

[Event "Open d'Aubagne 2017-2018"]
[Site "Aubagne"]
[Date "2017.09.30"]
[Round "1.6"]
[White "Bridoux, Maxence"]
[Black "Shelar, Rujuta"]
[Result "1-0"]
[WhiteElo "1560"]
[BlackElo "1199"]
[PlyCount "33"]
[EventDate "2017.??.??"]
[WhiteTeam "Club d'Echecs Pennois (CEP)"]
[BlackTeam "L'Echiquier du Roy René"]

1. d4 d5 2. c4 dxc4 3. e4 Nc6 4. Be3 Nf6 5. Nc3 Be6 6. d5 Nxe4 7. dxe6 Qxd1+ 8.
Rxd1 fxe6 9. Nxe4 e5 10. Bxc4 Nb4 11. Bb3 e6 12. Nf3 Rg8 13. Bxe6 Nc2+ 14. Ke2
Nd4+ 15. Nxd4 Rh8 16. Nf5 g6 17. Nf6# 1-0

[Event "Open d'Aubagne 2017-2018"]
[Site "Aubagne"]
[Date "2017.09.30"]
[Round "1.7"]
[White "Staibano, Gabriel"]
[Black "Fournier, Alain"]
[Result "0-1"]
[WhiteElo "1199"]
[BlackElo "1536"]
[PlyCount "54"]
[EventDate "2017.??.??"]
[WhiteTeam "L'Echiquier du Roy René"]
[BlackTeam "Club Provence Echecs"]

1. e4 c6 2. Nc3 d6 3. d4 Nf6 4. Nf3 Nbd7 5. e5 dxe5 6. dxe5 Nd5 7. Nxd5 cxd5 8.
Qxd5 e6 9. Qe4 Nc5 10. Qd4 Bd7 11. Bg5 Qc7 12. Qb4 Nd3+ 13. cxd3 Bxb4+ 14. Bd2
Bxd2+ 15. Nxd2 Qxe5+ 16. Ne4 f5 17. Be2 fxe4 18. O-O O-O 19. Rac1 Bc6 20. Rfe1
Qg5 21. dxe4 Bxe4 22. Bf1 Rad8 23. Rxe4 Qxc1 24. h3 Rd1 25. Rxe6 Rxf1+ 26. Kh2
Qc7+ 27. g3 R8xf2# 0-1

[Event "Open d'Aubagne 2017-2018"]
[Site "Aubagne"]
[Date "2017.09.30"]
[Round "1.8"]
[White "Bertrand, Frederic"]
[Black "Duconseille, Doriane"]
[Result "1-0"]
[WhiteElo "1528"]
[BlackElo "1194"]
[PlyCount "113"]
[EventDate "2017.??.??"]
[WhiteTeam "Cercle d'Echecs Aubagnais"]
[BlackTeam "Echiquier Marseillais 1872"]

1. e4 c5 2. Nf3 d6 3. d4 cxd4 4. Nxd4 Nf6 5. Nc3 g6 6. Be3 Nc6 7. f3 a6 8. Bc4
Bg7 9. O-O O-O 10. Nxc6 bxc6 11. Bb3 c5 12. e5 Ne8 13. Bxc5 Bxe5 14. Bd4 Qa5
15. Nd5 Bxd4+ 16. Qxd4 Qd8 17. Qh4 Nf6 18. Nxf6+ exf6 19. Rad1 Kg7 20. Qd4 Bf5
21. Qxd6 Qxd6 22. Rxd6 Rfc8 23. Rc1 Rc7 24. g4 Bc8 25. Kf2 Bb7 26. Bd5 Bxd5 27.
Rxd5 Rac8 28. c3 Rc4 29. Ra5 R4c6 30. Rd1 Kf8 31. Rad5 Ke8 32. Rd6 Rxd6 33.
Rxd6 Ra8 34. Rxf6 a5 35. Rd6 a4 36. b3 axb3 37. axb3 Ra2+ 38. Kg3 Ke7 39. Rb6
Kd7 40. Rb7+ Ke6 41. c4 Rc2 42. h4 h6 43. h5 g5 44. Rb6+ Kd7 45. Rxh6 Kc7 46.
Rf6 Rc3 47. Rxf7+ Kc6 48. Rf6+ Kd7 49. Rb6 Rd3 50. b4 Rd4 51. c5 Ke8 52. Rb7
Kd8 53. b5 Rb4 54. b6 Kc8 55. h6 Rd4 56. h7 Rd8 57. Rg7 1-0

[Event "Open d'Aubagne 2017-2018"]
[Site "Aubagne"]
[Date "2017.09.30"]
[Round "1.9"]
[White "Masson, Wally"]
[Black "Cavanihac, Claude"]
[Result "0-1"]
[WhiteElo "1188"]
[BlackElo "1522"]
[PlyCount "54"]
[EventDate "2017.??.??"]
[WhiteTeam "Cercle d'Echecs Aubagnais"]
[BlackTeam "Cercle d'Echecs Aubagnais"]

1. e4 e5 2. Bc4 Nf6 3. Nc3 Be7 4. Nf3 d6 5. d4 exd4 6. Nxd4 O-O 7. O-O c5 8.
Nf3 a6 9. a4 Nc6 10. Re1 Bg4 11. Bg5 Nd4 12. Be2 Bxf3 13. Bxf3 Ne6 14. Bxf6
Bxf6 15. e5 Bxe5 16. Bxb7 Rb8 17. Bxa6 Rxb2 18. Qd3 Nf4 19. Qd2 Qg5 20. f3 Nh3+
21. Kf1 Qxd2 22. Ne4 Qxc2 23. Re2 Rb1+ 24. Rxb1 Qxb1+ 25. Re1 Qb6 26. Bd3 Nf4
27. g3 Nxd3 0-1

[Event "Open d'Aubagne 2017-2018"]
[Site "Aubagne"]
[Date "2017.09.30"]
[Round "1.10"]
[White "Bui, Christopher"]
[Black "Garbe, Georges"]
[Result "1-0"]
[WhiteElo "1486"]
[BlackElo "1176"]
[PlyCount "77"]
[EventDate "2017.??.??"]
[WhiteTeam "Marseille Echecs"]
[BlackTeam "Cercle d'Echecs Aubagnais"]

1. e4 c5 2. Nf3 Nc6 3. Bc4 e6 4. Nc3 Nf6 5. d3 g6 6. Be3 d6 7. O-O Bg7 8. Qc1
O-O 9. Bh6 a6 10. a4 Rb8 11. Bxg7 Kxg7 12. Ne1 Nd4 13. Qd2 e5 14. h3 Be6 15.
Nd5 Nxd5 16. exd5 Bf5 17. c3 Qa5 18. Qd1 Qb6 19. cxd4 Qxb2 20. dxc5 dxc5 21.
Rb1 Qd4 22. Nf3 Qf4 23. Qc1 Qxc1 24. Rfxc1 e4 25. Ne1 Rfe8 26. g4 Bd7 27. dxe4
Rxe4 28. a5 Bb5 29. Bxb5 axb5 30. Rxb5 Rb4 31. Rcxc5 Rxb5 32. Rxb5 Kf6 33. a6
b6 34. a7 Re8 35. Rxb6+ Kg7 36. Nd3 Rd8 37. Rb8 Rxb8 38. axb8=Q Kf6 39. Qe5#
1-0

[Event "Open d'Aubagne 2017-2018"]
[Site "Aubagne"]
[Date "2017.09.03"]
[Round "1.11"]
[White "Lecomte, Gael"]
[Black "Hunault, Francis"]
[Result "0-1"]
[WhiteElo "1173"]
[BlackElo "1451"]
[PlyCount "42"]
[EventDate "2017.??.??"]
[WhiteTeam "L'Echiquier du Roy René"]
[BlackTeam "Cercle d'Echecs Aubagnais"]

1. e4 d6 2. d4 g6 3. Nf3 Bg7 4. Nc3 Nd7 5. Bf4 a6 6. Bd3 e6 7. Qd2 h6 8. O-O
Ne7 9. h3 g5 10. Bh2 Ng6 11. Rfe1 e5 12. d5 Bf6 13. a3 h5 14. Re3 g4 15. hxg4
hxg4 16. Ne1 Bg5 17. f4 Bxf4 18. Bxf4 exf4 19. Re2 Qh4 20. Nf3 Qh1+ 21. Kf2 g3#
0-1

[Event "Open d'Aubagne 2017-2018"]
[Site "Aubagne"]
[Date "2017.09.30"]
[Round "1.12"]
[White "Borrini, Rodrigue"]
[Black "Hours, Evelyne"]
[Result "1-0"]
[WhiteElo "1445"]
[BlackElo "1170"]
[PlyCount "125"]
[EventDate "2017.??.??"]
[WhiteTeam "L'Echiquier du Roy René"]
[BlackTeam "Cercle d'Echecs Aubagnais"]

1. d4 Nf6 2. Bf4 d6 3. e3 Nbd7 4. Nd2 g6 5. Be2 Bg7 6. Ngf3 O-O 7. O-O c5 8. c3
a6 9. h3 b5 10. Rc1 Rb8 11. a3 a5 12. dxc5 Nxc5 13. b4 Ne6 14. Bh2 Bb7 15. c4
bxc4 16. Nxc4 axb4 17. axb4 Rc8 18. Na5 Bxf3 19. Bxf3 Qb6 20. Nc6 Rfe8 21. Qa4
Ng5 22. Be2 Kh8 23. Qb5 Qxb5 24. Bxb5 Bf8 25. Ra1 Nge4 26. Na7 Ra8 27. Bxe8
Nxe8 28. Nc6 Rxa1 29. Rxa1 Nc7 30. Ra7 Nd5 31. f3 Nec3 32. e4 Nb5 33. exd5 Nxa7
34. Nxa7 Bg7 35. b5 Bd4+ 36. Kf1 Bxa7 37. Bg1 Bb8 38. b6 Kg7 39. Ke2 Kf6 40.
Bh2 e6 41. dxe6 Kxe6 42. Kd3 Kd5 43. Bf4 Kc5 44. Be3+ Kc6 45. Bf2 f5 46. Bg1 d5
47. Be3 Be5 48. Bd4 Bxd4 49. Kxd4 Kxb6 50. Kxd5 Kb5 51. g4 f4 52. Ke5 g5 53.
Kf5 h6 54. Kg6 Kc5 55. Kxh6 Kd4 56. Kxg5 Ke3 57. Kh4 Kxf3 58. g5 Ke3 59. g6 f3
60. g7 f2 61. g8=Q f1=Q 62. Qb3+ Ke4 63. Qb7+ 1-0

[Event "Open d'Aubagne 2017-2018"]
[Site "Aubagne"]
[Date "2017.09.30"]
[Round "1.13"]
[White "Pentcheff, Julie"]
[Black "Desjardins, Rene"]
[Result "0-1"]
[WhiteElo "1160"]
[BlackElo "1443"]
[PlyCount "40"]
[EventDate "2017.??.??"]
[WhiteTeam "Cassis Echecs"]
[BlackTeam "Cercle d'Echecs Aubagnais"]

1. d4 e6 2. e4 Bb4+ 3. Bd2 Bxd2+ 4. Nxd2 Nc6 5. Bd3 Nxd4 6. Ngf3 Nxf3+ 7. Qxf3
Qf6 8. Qxf6 Nxf6 9. O-O O-O 10. Rfe1 b6 11. Re3 e5 12. Nf3 d6 13. Ng5 h6 14.
Nf3 Ng4 15. Re2 c5 16. h3 Nf6 17. Nh4 Be6 18. a3 c4 19. Re3 cxd3 20. Rxd3 Nxe4
0-1

[Event "Open d'Aubagne 2017-2018"]
[Site "Aubagne"]
[Date "2017.09.30"]
[Round "1.14"]
[White "Morata, Serge"]
[Black "Rocchiccioli, Samuel"]
[Result "1-0"]
[WhiteElo "1427"]
[BlackElo "1160"]
[PlyCount "101"]
[EventDate "2017.??.??"]
[WhiteTeam "Cercle d'Echecs Aubagnais"]
[BlackTeam "Cercle d'Echecs Aubagnais"]

1. e4 e5 2. Nf3 Nc6 3. Bc4 Bc5 4. c3 Nf6 5. d3 d6 6. h3 O-O 7. d4 exd4 8. cxd4
Bb4+ 9. Bd2 Bxd2+ 10. Nbxd2 Re8 11. O-O d5 12. exd5 Nxd5 13. Re1 Rxe1+ 14. Qxe1
Nf6 15. Nb3 h6 16. Rd1 b6 17. d5 Na5 18. Nxa5 bxa5 19. Qxa5 Bf5 20. d6 Be4 21.
Ne5 cxd6 22. Qxd8+ Rxd8 23. Bxf7+ Kh7 24. f3 Rb8 25. Nd7 Nxd7 26. fxe4 Rxb2 27.
Rxd6 Ne5 28. Bd5 Nd3 29. Ra6 Nf4 30. Kf1 Rxg2 31. Rxa7 Rg3 32. h4 Rh3 33. Kf2
Ng6 34. a4 Rxh4 35. Kg3 h5 36. e5 Rg4+ 37. Kf2 Nxe5 38. a5 h4 39. a6 Ra4 40.
Kg2 Ra3 41. Ra8 g5 42. Be4+ Kh6 43. a7 Kg7 44. Re8 Ra2+ 45. Kh3 g4+ 46. Kxh4
Rh2+ 47. Kg3 Rh3+ 48. Kg2 Ng6 49. a8=Q Nf4+ 50. Kf2 g3+ 51. Ke1 1-0

[Event "Open d'Aubagne 2017-2018"]
[Site "Aubagne"]
[Date "2017.09.03"]
[Round "1.15"]
[White "Tramarin, Matteo"]
[Black "Gamblin, Vincent"]
[Result "0-1"]
[WhiteElo "1160"]
[BlackElo "1418"]
[PlyCount "138"]
[EventDate "2017.??.??"]
[WhiteTeam "Cercle d'Echecs Aubagnais"]
[BlackTeam "Marseille Echecs"]

1. e4 c5 2. Nf3 d6 3. d4 cxd4 4. Qxd4 Nc6 5. Bb5 Bd7 6. Bxc6 Bxc6 7. Nc3 e5 8.
Qc4 Qd7 9. Be3 Nf6 10. O-O-O b5 11. Qb3 Qb7 12. Nd5 Nxe4 13. Nb4 Bd7 14. Qd5
Qxd5 15. Nxd5 Kd8 16. Ng5 Nxg5 17. Bxg5+ Kc8 18. Be3 Be6 19. Rd3 Bxd5 20. Rxd5
a6 21. Rhd1 Be7 22. f4 f6 23. R1d3 Kb7 24. b3 Rac8 25. c4 bxc4 26. bxc4 Rxc4+
27. Kd2 Rhc8 28. Rb3+ Kc6 29. Ra5 exf4 30. Rxa6+ Kd7 31. Ra7+ R8c7 32. Rxc7+
Kxc7 33. Bb6+ Kc6 34. Ba5 d5 35. Rb6+ Kd7 36. Rb7+ Ke6 37. Rb6+ Kf7 38. Rb7 Ra4
39. Bd8 Rxa2+ 40. Kc3 Re2 41. Bc7 g5 42. Kd4 Rd2+ 43. Kc3 Rxg2 44. Kd3 Rxh2 45.
Bd6 Rh3+ 46. Kd2 Re3 47. Bc5 Re4 48. Rd7 f3 49. Bxe7 Rxe7 50. Rxd5 Ke6 51. Ra5
Kf7 52. Ra1 g4 53. Rg1 f5 54. Rh1 Kg6 55. Rc1 f2 56. Rf1 g3 57. Kd1 Kg5 58. Kd2
Kg4 59. Kd1 h5 60. Kd2 h4 61. Rc1 g2 62. Rc4+ f4 63. Kc3 f1=Q 64. Rd4 Re3+ 65.
Kb4 Qb1+ 66. Kc5 g1=Q 67. Kd5 Qg2+ 68. Kd6 Qb6+ 69. Kd7 Qgc6# 0-1

[Event "Open d'Aubagne 2017-2018"]
[Site "Aubagne"]
[Date "2017.09.30"]
[Round "1.16"]
[White "Vicari-Vento, Salvatore"]
[Black "Denis, Karine"]
[Result "1-0"]
[WhiteElo "1414"]
[BlackElo "1136"]
[PlyCount "71"]
[EventDate "2017.??.??"]
[WhiteTeam "Club Provence Echecs"]
[BlackTeam "Marseille Passion Echecs"]

1. e4 d5 2. exd5 Qxd5 3. Nc3 Qd8 4. d4 Nc6 5. Nf3 Bg4 6. Be3 e6 7. Be2 Bb4 8.
h3 Bxc3+ 9. bxc3 Bxf3 10. Bxf3 Nge7 11. O-O O-O 12. Bg5 h6 13. Bc1 Nf5 14. Be4
Rb8 15. Qg4 Qh4 16. Bxf5 Qxg4 17. Bxg4 f5 18. Be2 Rf6 19. Ba3 Re8 20. f4 g6 21.
Rab1 b6 22. Bb5 Nxd4 23. Bxe8 Ne2+ 24. Kh2 Nxc3 25. Bb2 Nxb1 26. Bxf6 Nd2 27.
Rd1 Ne4 28. Be5 Kf8 29. Bxg6 Ke7 30. Bxc7 Nc3 31. Ra1 Nd5 32. Be5 Kd7 33. Rd1
Kc6 34. a3 Kc5 35. Bf7 Ne3 36. Bd4+ 1-0

[Event "Open d'Aubagne 2017-2018"]
[Site "Aubagne"]
[Date "2017.09.30"]
[Round "1.17"]
[White "Piquemal, Jean Christophe"]
[Black "Bhutra, Patricia"]
[Result "1-0"]
[WhiteElo "1133"]
[BlackElo "1399"]
[PlyCount "57"]
[EventDate "2017.??.??"]
[WhiteTeam "Marseille Echecs"]
[BlackTeam "Club Provence Echecs"]

1. e4 d6 2. Nf3 Nf6 3. Bc4 c6 4. Nc3 Bg4 5. d3 Qc7 6. Bg5 Nbd7 7. Qd2 O-O-O 8.
Bxf7 Ne5 9. Nxe5 dxe5 10. h3 Bh5 11. Be6+ Kb8 12. f4 Qa5 13. fxe5 Qxe5 14. Bf4
Nd7 15. Bxe5+ Ka8 16. Bc7 Rc8 17. Bg3 h6 18. O-O g5 19. Bxd7 Rd8 20. Bg4 Be8
21. Be5 Rh7 22. Rxf8 h5 23. Bf5 Rf7 24. Rxf7 Bxf7 25. Qxg5 b5 26. Qxe7 Re8 27.
Qc7 Be6 28. Bxe6 Rxe6 29. Qb8# 1-0

[Event "Open d'Aubagne 2017-2018"]
[Site "Aubagne"]
[Date "2017.09.30"]
[Round "1.18"]
[White "Biglia, Michel"]
[Black "Pegon, Claude"]
[Result "1-0"]
[WhiteElo "1399"]
[BlackElo "1112"]
[PlyCount "120"]
[EventDate "2017.??.??"]
[WhiteTeam "Cercle d'Echecs Aubagnais"]
[BlackTeam "Cassis Echecs"]

1. e4 c5 2. Nf3 d6 3. b3 Nf6 4. Bd3 g6 5. Bb2 Bg7 6. O-O O-O 7. e5 Nd5 8. Nc3
e6 9. Nxd5 exd5 10. Qe2 Re8 11. a3 a6 12. Qe3 Nc6 13. Rfe1 Bg4 14. Qg5 Bxf3 15.
Qxd8 Raxd8 16. gxf3 dxe5 17. Kh1 Nd4 18. Re3 f5 19. Bxd4 cxd4 20. Re2 e4 21.
Rae1 Re5 22. c4 Rde8 23. f4 R5e6 24. cxd5 Rf6 25. Bc4 Rd6 26. f3 b5 27. fxe4
bxc4 28. exf5 Rxe2 29. Rxe2 Rxd5 30. Re8+ Bf8 31. bxc4 Rxf5 32. Rc8 Rxf4 33. c5
Kg7 34. Kg2 Rf7 35. c6 Bd6 36. a4 Ra7 37. Kf3 Kf6 38. Ke4 Be5 39. h4 h6 40. Re8
Re7 41. Rxe7 Kxe7 42. Kxe5 Kd8 43. Kf6 g5 44. hxg5 h5 45. g6 h4 46. g7 h3 47.
g8=Q+ Kc7 48. Qg3+ Kxc6 49. Qxh3 Kc5 50. Qa3+ Kd5 51. d3 a5 52. Qa2+ Kc5 53.
Qc4+ Kb6 54. Qxd4+ Kb7 55. Qc5 Kb8 56. d4 Kb7 57. d5 Kb8 58. d6 Kb7 59. d7 Kb8
60. d8=Q+ Kb7 1-0

[Event "Open d'Aubagne 2017-2018"]
[Site "Aubagne"]
[Date "2017.09.30"]
[Round "1.19"]
[White "Catanese, Sauveur"]
[Black "Bui, Pavel-Marius"]
[Result "1-0"]
[WhiteElo "1111"]
[BlackElo "1399"]
[PlyCount "115"]
[EventDate "2017.??.??"]
[WhiteTeam "Cercle d'Echecs Aubagnais"]
[BlackTeam "Marseille Echecs"]

1. d4 d5 2. c4 Nf6 3. Nc3 Nc6 4. e3 e5 5. Nf3 Bg4 6. Be2 e4 7. Ne5 Nxe5 8. dxe5
Bxe2 9. Qxe2 d4 10. exd4 Qxd4 11. exf6 O-O-O 12. O-O gxf6 13. Be3 Qe5 14. g3
Bc5 15. Bf4 Qe6 16. Qxe4 Bd6 17. Qxe6+ fxe6 18. Bxd6 Rxd6 19. Nb5 Kb8 20. Nxd6
cxd6 21. Rad1 Kc7 22. Rd2 Rd8 23. Rfd1 Kc6 24. b3 Kc5 25. a3 d5 26. f4 Rd6 27.
Kf2 a6 28. Kf3 b5 29. cxb5 axb5 30. Rc2+ Kb6 31. b4 Rc6 32. Rdc1 Rc4 33. Rxc4
bxc4 34. Ke3 Kb5 35. Kd4 Ka4 36. Kc5 Kxa3 37. b5 Kb2 38. Re1 c3 39. Re2+ c2 40.
b6 Kb1 41. Re1+ c1=Q+ 42. Rxc1+ Kxc1 43. b7 Kd2 44. b8=Q Ke3 45. Qb3+ Ke4 46.
Kd6 e5 47. Qxd5+ Kf5 48. Qe6+ Kg6 49. fxe5 Kg5 50. Qxf6+ Kg4 51. Qg7+ Kh3 52.
Qxh7+ Kg2 53. e6 Kf3 54. Qf7+ Kg2 55. e7 Kxh2 56. e8=Q Kxg3 57. Qeg8+ Kh4 58.
Qfh7# 1-0

[Event "Open d'Aubagne 2017-2018"]
[Site "Aubagne"]
[Date "2017.09.30"]
[Round "1.20"]
[White "Hassaine, Rachid"]
[Black "Bonavia, Mathis"]
[Result "1/2-1/2"]
[WhiteElo "1399"]
[BlackElo "1099"]
[PlyCount "171"]
[EventDate "2017.??.??"]
[WhiteTeam "Cercle d'Echecs Aubagnais"]
[BlackTeam "Cercle d'Echecs Aubagnais"]

1. e4 d5 2. exd5 Qxd5 3. d4 Nf6 4. c4 Qa5+ 5. Nc3 c6 6. Bd2 Nbd7 7. Nd5 Qd8 8.
Nc3 e6 9. Nf3 Be7 10. Bg5 O-O 11. Bxf6 Nxf6 12. Bd3 Qa5 13. O-O Qb6 14. Na4 Qc7
15. Nc3 Ng4 16. Ne4 Qf4 17. Ng3 Bf6 18. Bc2 e5 19. dxe5 Bxe5 20. Nxe5 Qxe5 21.
Qxg4 Bxg4 22. Rab1 Rad8 23. b4 Qc3 24. Bb3 Qxb4 25. Rfc1 Rd3 26. Bd1 Rc3 27.
Rxb4 Rxc1 28. f3 Rxd1+ 29. Kf2 Be6 30. c5 Rd2+ 31. Ke3 Rxa2 32. Ne4 Rxg2 33. h4
Rb8 34. Nd6 b6 35. f4 h6 36. f5 Bd7 37. Kf3 Rc2 38. cxb6 Rxb6 39. Rd4 a5 40.
Ra4 Ra6 41. Kf4 c5 42. Rc4 a4 43. Rxc2 a3 44. Ra2 g6 45. Ne4 c4 46. Nf6+ Kg7
47. Nxd7 c3 48. f6+ Kg8 49. Nc5 Ra5 50. Ne4 c2 51. Ra1 a2 52. Ke3 c1=Q+ 53.
Rxc1 a1=Q 54. Rxa1 Rxa1 55. Kf4 Ra4 56. Kf3 Ra5 57. Kg4 Ra4 58. Kf3 Kh7 59. Nd6
g5 60. hxg5 hxg5 61. Nxf7 Kg6 62. Ne5+ Kxf6 63. Ng4+ Kf5 64. Nf2 g4+ 65. Kg3
Ra3+ 66. Kg2 g3 67. Nh3 Kg4 68. Ng1 Ra2+ 69. Kh1 g2+ 70. Kh2 Kf4 71. Kh3 Ke3
72. Kg3 Kd2 73. Kxg2 Ke1+ 74. Kf3 Kf1 75. Nh3 Ra3+ 76. Kg4 Ra4+ 77. Kf5 Kg2 78.
Nf4+ Kf3 79. Nd3 Ra5+ 80. Ne5+ Ke3 81. Ke6 Ke4 82. Nc4 Ra6+ 83. Nd6+ Kd4 84.
Kd7 Kd5 85. Nb5 Ra7+ 86. Nxa7 1/2-1/2

[Event "Open d'Aubagne 2017-2018"]
[Site "Aubagne"]
[Date "2017.09.03"]
[Round "1.21"]
[White "Bonnefond, Liv"]
[Black "Richaud, Guy"]
[Result "0-1"]
[WhiteElo "1099"]
[BlackElo "1399"]
[PlyCount "48"]
[EventDate "2017.??.??"]
[WhiteTeam "Cassis Echecs"]
[BlackTeam "Club d'Echecs Pennois (CEP)"]

1. d4 d5 2. e3 Nc6 3. Bb5 Bd7 4. Nf3 f6 5. Nc3 e6 6. Bd2 a6 7. Bd3 Bb4 8. a3
Bxc3 9. bxc3 Nge7 10. h4 e5 11. O-O e4 12. Be2 exf3 13. gxf3 Bf5 14. e4 dxe4
15. fxe4 Bxe4 16. Bh5+ g6 17. Be2 Qd6 18. f4 f5 19. Bc4 b5 20. Be2 Qf6 21. Rb1
Qxh4 22. c4 Qh1+ 23. Kf2 Qh4+ 24. Kg1 Qg3# 0-1

[Event "Open d'Aubagne 2017-2018"]
[Site "Aubagne"]
[Date "2017.09.30"]
[Round "1.22"]
[White "Cotton, Paul"]
[Black "Deroual, Alexandre"]
[Result "1-0"]
[WhiteElo "1387"]
[BlackElo "1099"]
[PlyCount "83"]
[EventDate "2017.??.??"]
[WhiteTeam "Cercle d'Echecs Aubagnais"]
[BlackTeam "Cercle d'Echecs Aubagnais"]

1. Nf3 Nf6 2. g3 b6 3. Bg2 Bb7 4. O-O g6 5. b3 Bg7 6. Bb2 O-O 7. d3 d6 8. Nbd2
Nbd7 9. Rb1 Ne5 10. Nxe5 Bxg2 11. Nxf7 Rxf7 12. Kxg2 Qd7 13. Kg1 Qc6 14. f3
Qc5+ 15. Rf2 Raf8 16. Ne4 Nxe4 17. dxe4 e5 18. Qd3 Bh6 19. Kg2 c6 20. Rd1 Be3
21. Rff1 Rd8 22. c4 Bg5 23. a3 Be7 24. b4 d5 25. bxc5 Bxc5 26. exd5 cxd5 27.
cxd5 Rf5 28. e4 Rf7 29. Bxe5 Rc8 30. Rc1 Re7 31. Bf4 Ree8 32. Rc2 a5 33. Rfc1
Rc7 34. Bxc7 Re7 35. Bf4 Kg7 36. Qc3+ Kf7 37. Bg5 Rc7 38. Qf6+ Kg8 39. Bh6 b5
40. Rxc5 Rf7 41. Qd8+ Rf8 42. Qxf8# 1-0

[Event "Open d'Aubagne 2017-2018"]
[Site "Aubagne"]
[Date "2017.09.30"]
[Round "1.23"]
[White "Dmytrouk, Anton"]
[Black "Zajaczkowski, Danielle"]
[Result "0-1"]
[WhiteElo "1099"]
[BlackElo "1386"]
[PlyCount "110"]
[EventDate "2017.??.??"]
[WhiteTeam "Cercle d'Echecs Aubagnais"]
[BlackTeam "Hay Chess"]

1. d4 d5 2. Nf3 Nf6 3. g3 Bf5 4. Bg2 e6 5. e3 Be7 6. O-O O-O 7. Nc3 Nbd7 8. a3
a6 9. b4 c6 10. Na4 Nb6 11. Nc5 Rb8 12. Bd2 Ne4 13. a4 Nxc5 14. bxc5 Nc4 15.
Bc3 b6 16. cxb6 Nxb6 17. Ba5 Qc8 18. Bxb6 Rxb6 19. Ne5 c5 20. dxc5 Bxc5 21. a5
Rb5 22. Qd2 Bb4 23. c3 Bxc3 24. Qd1 Bxe5 25. Rc1 Qb8 26. Qd2 Bb2 27. Rcd1 Rc8
28. e4 Bc3 29. Qd3 dxe4 30. Bxe4 Bxe4 31. Qxe4 Rxa5 32. Rc1 Rac5 33. Rcd1 a5
34. Rd3 Bb4 35. Rfd1 g6 36. Rb1 Rc1+ 37. Rd1 Rxb1 38. Rxb1 Qa8 39. Qd4 Bc5 40.
Qd2 Qa7 41. Qc3 Bb4 42. Qb2 Bc3 43. Qc2 Qa8 44. Rb3 Bd4 45. Qd2 e5 46. Rb5 a4
47. Ra5 Qc6 48. Qa2 Ra8 49. Rxa8+ Qxa8 50. h4 a3 51. Kh2 Qa7 52. f3 Bg1+ 53.
Kh3 Qf2 54. f4 exf4 55. g4 Qg3# 0-1

[Event "Open d'Aubagne 2017-2018"]
[Site "Aubagne"]
[Date "2017.09.30"]
[Round "1.24"]
[White "Reynaud, Jacques"]
[Black "Taam, Amine"]
[Result "1-0"]
[WhiteElo "1381"]
[BlackElo "1099"]
[PlyCount "59"]
[EventDate "2017.??.??"]
[WhiteTeam "Cercle d'Echecs Aubagnais"]
[BlackTeam "Cassis Echecs"]

1. d4 e6 2. Nf3 Nc6 3. Bf4 Nf6 4. e3 d6 5. c4 e5 6. dxe5 Nxe5 7. Bxe5 dxe5 8.
Qxd8+ Kxd8 9. Nxe5 Bb4+ 10. Nc3 Bd6 11. Nxf7+ Ke8 12. Nxh8 b6 13. Bd3 Bb7 14.
f3 Be7 15. O-O-O Bb4 16. Nb5 Bc6 17. Nxc7+ Kf8 18. Nxa8 Bxa8 19. Bf5 Kg8 20.
Rd8+ Bf8 21. Rxa8 Kxh8 22. Rxf8+ Ng8 23. Be6 h6 24. Bxg8 a5 25. h4 g6 26. Rd1
Kg7 27. Rdd8 g5 28. h5 a4 29. Bd5 Kh7 30. Rf7# 1-0